V Ždani otvorili obvodnú meštiansku školu

Bibliographic Details
Main Author: red (Author)
Format: Article
Language:Slovak
Subjects:

MARC

LEADER 00000nab a2200000u 4500
001 vtls012249914
003 SK-MaSNL
005 20260303210641.0
008 240208|19461026xo ||||||| ||00 ||slo|
038 |a KEVKJB 
040 |a KEVKJB  |b slo  |e rda 
041 0 |a slo 
043 |a e-xo--- 
044 |a xo  |c SK 
072 7 |a 37  |x Výchova a vzdelávanie  |2 konspekt 
080 |a 37.018.591  |2 2011 
100 1 |a red.  |4 aut  |9 848321 
245 1 0 |a V Ždani otvorili obvodnú meštiansku školu  |c [autor] red. 
336 |a text  |b txt  |2 rdacontent 
337 |a bez média  |b n  |2 rdamedia 
338 |a zväzok  |b nc  |2 rdacarrier 
650 0 7 |a meštianske školy  |2 kevkjb  |9 272081 
651 7 |a Ždaňa (Slovensko)  |2 SNKPHgeo  |9 30123 
651 7 |a Košice-okolie (Slovensko : okres)  |2 SNKPHgeo  |9 146743 
773 0 |t Demokrat  |g Roč. II, č. 244 (26.10.1946), s. 5 
852 |a KEVKJB  |b KIS3GCP 
999 |c 2201093  |d 2203023